| 000 | 00784nas a2200277 4500 | ||
|---|---|---|---|
| 001 | BR9700404 | ||
| 003 | BR-BrBNA | ||
| 005 | 20231205095942.0 | ||
| 007 | ta | ||
| 008 | 230509b bl.|||p| |||| 00| 00por d | ||
| 040 |
_aBR-BrBNA _bpor _cBiblioteca Nacional de Agricultura |
||
| 041 | _a(Pt) | ||
| 072 | _aL73 | ||
| 100 | 1 | _aMansfield, D. | |
| 100 | 1 | _aBoosinger, T.R. | |
| 100 | 1 | _aAttleberger, M.H. | |
| 245 | 1 | _aAcao infecciosa de Malassezia pachydermatis no canal auditivo externo de caes | |
| 650 | _aCao | ||
| 650 | _aOtite | ||
| 650 | _aInfeccao | ||
| 650 | _aFungo | ||
| 650 | _aOuvido | ||
| 773 | 0 |
_tHora Veterinaria (Brazil) _xISSN 0101-9163 _g(Jan-Feb 1996), v. 15(89) p. 19-22 _wBR9700404 |
|
| 909 |
_a202311 _bLúcia _c55 _dLúcia Elande |
||
| 942 |
_2AGRIS _n0 _cANA |
||
| 999 |
_c153637 _d153637 |
||